Guess the Taylor Swift song by Lyric (Debut) - Statistics

General Stats
  • This quiz has been taken 42 times
  • The average score is 8 of 11
Answer Stats
Hint Answer % Correct
I'm just sitting here planning my revenge, There's nothing stopping me, From going out with all of your best friends Picture to Burn
100%
After everything that day, Had gone all wrong, had been trampled on, And lost and thrown away, Got to the hallway, well on my way, To my lovin' bed Our Song
89%
Can he tell that I can't breathe?, And there he goes, so perfectly, The kind of flawless I wish I could be, She'd better hold him tight, give him all her love Teardrops on My Guitar
85%
And thanking God that you weren't here, To see me like that, But in a box beneath my bed, Is a letter that you never read, From three summers back Tim McGraw
78%
Baby, you know all the right things, To say, But do you honestly expect me to believe, We could ever be the same?, You say that the past is the past Should've Said No
74%
And I'm wearing my heart on my sleeve, I'm feeling lucky today, got the sunshine, Could you tell me what more do I need, And tomorrow's just a mystery A Place in This World
70%
And I stood there loving you, And wished them all away, And you come away, With a great little story, Of a mess of a dreamer, With the nerve to adore you Cold as You
67%
But your eyes still shined, like pretty lights, And our daddies used to joke about the two of us, They never believed we'd really fall in love, And our mamas smiled and rolled their eyes Mary's Song (Oh My My My)
67%
The highlight of my day, I'm taking pictures in my mind, So I can save them for a rainy day, It's hard to make a conversation, When he's taking my breath away Stay Beautiful
63%
You saw me there but never knew, That I would give it all up to be, A part of this, a part of you, And now it's all too late so you see The Outside
63%
Cause you're givin' it away like it's extra change, Hoping it will end up in his pocket, But he leaves you out like a penny in the rain, Oh, 'cause it's not his price to pay Tied Together With a Smile
63%
No matching quizzes found
Score Distribution
Percent of People with Each Score
Percentile by Number Answered
Your Score History
You have not taken this quiz